<?xml version="1.0" encoding="UTF-8"?>
<record
    xmlns:xsi="http://www.w3.org/2001/XMLSchema-instance"
    xsi:schemaLocation="http://www.loc.gov/MARC21/slim http://www.loc.gov/standards/marcxml/schema/MARC21slim.xsd"
    xmlns="http://www.loc.gov/MARC21/slim">

  <leader>00354nam a22001577a 4500</leader>
  <controlfield tag="003">SGT</controlfield>
  <datafield tag="020" ind1=" " ind2=" ">
    <subfield code="a">9789394102538</subfield>
  </datafield>
  <datafield tag="082" ind1=" " ind2=" ">
    <subfield code="a">612</subfield>
    <subfield code="b">H22J</subfield>
  </datafield>
  <datafield tag="100" ind1=" " ind2=" ">
    <subfield code="a">Jain, A. K. </subfield>
  </datafield>
  <datafield tag="245" ind1=" " ind2=" ">
    <subfield code="a">Human Physiology for B.D.S. </subfield>
  </datafield>
  <datafield tag="250" ind1=" " ind2=" ">
    <subfield code="a">7th</subfield>
  </datafield>
  <datafield tag="260" ind1=" " ind2=" ">
    <subfield code="a">Delhi, India </subfield>
    <subfield code="b">Arya Publishing Co.</subfield>
    <subfield code="c">2022</subfield>
  </datafield>
  <datafield tag="300" ind1=" " ind2=" ">
    <subfield code="a">590</subfield>
  </datafield>
  <datafield tag="650" ind1=" " ind2=" ">
    <subfield code="a">Physiology</subfield>
  </datafield>
  <datafield tag="942" ind1=" " ind2=" ">
    <subfield code="2">ddc</subfield>
    <subfield code="c">BK</subfield>
    <subfield code="0">222</subfield>
  </datafield>
  <datafield tag="952" ind1=" " ind2=" ">
    <subfield code="0">0</subfield>
    <subfield code="1">0</subfield>
    <subfield code="2">ddc</subfield>
    <subfield code="4">0</subfield>
    <subfield code="7">0</subfield>
    <subfield code="a">FD</subfield>
    <subfield code="b">FD</subfield>
    <subfield code="c">TXT</subfield>
    <subfield code="d">2023-08-26</subfield>
    <subfield code="e">Ahuja Book Co. Pvt. Ltd. </subfield>
    <subfield code="i">SGTU</subfield>
    <subfield code="l">54</subfield>
    <subfield code="m">1</subfield>
    <subfield code="o">612 H22J</subfield>
    <subfield code="p">FD9239</subfield>
    <subfield code="r">2026-04-10 00:00:00</subfield>
    <subfield code="s">2026-04-10</subfield>
    <subfield code="w">2023-06-28</subfield>
    <subfield code="y">BK</subfield>
    <subfield code="k">16974</subfield>
  </datafield>
  <datafield tag="952" ind1=" " ind2=" ">
    <subfield code="0">0</subfield>
    <subfield code="1">0</subfield>
    <subfield code="2">ddc</subfield>
    <subfield code="4">0</subfield>
    <subfield code="7">0</subfield>
    <subfield code="a">FD</subfield>
    <subfield code="b">FD</subfield>
    <subfield code="c">TXT</subfield>
    <subfield code="d">2023-08-26</subfield>
    <subfield code="e">Ahuja Book Co. Pvt. Ltd. </subfield>
    <subfield code="i">SGTU</subfield>
    <subfield code="l">70</subfield>
    <subfield code="m">3</subfield>
    <subfield code="o">612 H22J</subfield>
    <subfield code="p">FD9240</subfield>
    <subfield code="r">2025-12-11 00:00:00</subfield>
    <subfield code="s">2025-11-24</subfield>
    <subfield code="w">2023-06-28</subfield>
    <subfield code="y">BK</subfield>
    <subfield code="k">16974</subfield>
  </datafield>
  <datafield tag="952" ind1=" " ind2=" ">
    <subfield code="0">0</subfield>
    <subfield code="1">0</subfield>
    <subfield code="2">ddc</subfield>
    <subfield code="4">0</subfield>
    <subfield code="7">0</subfield>
    <subfield code="a">FD</subfield>
    <subfield code="b">FD</subfield>
    <subfield code="c">TXT</subfield>
    <subfield code="d">2023-08-26</subfield>
    <subfield code="e">Ahuja Book Co. Pvt. Ltd. </subfield>
    <subfield code="i">SGTU</subfield>
    <subfield code="l">65</subfield>
    <subfield code="m">2</subfield>
    <subfield code="o">612 H22J</subfield>
    <subfield code="p">FD9241</subfield>
    <subfield code="r">2026-04-02 00:00:00</subfield>
    <subfield code="s">2026-04-02</subfield>
    <subfield code="w">2023-06-28</subfield>
    <subfield code="y">BK</subfield>
    <subfield code="k">16974</subfield>
  </datafield>
  <datafield tag="952" ind1=" " ind2=" ">
    <subfield code="0">0</subfield>
    <subfield code="1">0</subfield>
    <subfield code="2">ddc</subfield>
    <subfield code="4">0</subfield>
    <subfield code="7">0</subfield>
    <subfield code="a">FD</subfield>
    <subfield code="b">FD</subfield>
    <subfield code="c">TXT</subfield>
    <subfield code="d">2023-08-26</subfield>
    <subfield code="e">Ahuja Book Co. Pvt. Ltd. </subfield>
    <subfield code="i">SGTU</subfield>
    <subfield code="l">42</subfield>
    <subfield code="m">2</subfield>
    <subfield code="o">612 H22J</subfield>
    <subfield code="p">FD9242</subfield>
    <subfield code="r">2026-06-05 08:40:40</subfield>
    <subfield code="s">2026-05-18</subfield>
    <subfield code="w">2023-06-28</subfield>
    <subfield code="y">BK</subfield>
    <subfield code="k">16974</subfield>
  </datafield>
  <datafield tag="952" ind1=" " ind2=" ">
    <subfield code="0">0</subfield>
    <subfield code="1">0</subfield>
    <subfield code="2">ddc</subfield>
    <subfield code="4">0</subfield>
    <subfield code="7">0</subfield>
    <subfield code="a">FD</subfield>
    <subfield code="b">FD</subfield>
    <subfield code="c">TXT</subfield>
    <subfield code="d">2023-08-26</subfield>
    <subfield code="e">Ahuja Book Co. Pvt. Ltd. </subfield>
    <subfield code="i">SGTU</subfield>
    <subfield code="l">69</subfield>
    <subfield code="m">4</subfield>
    <subfield code="o">612 H22J</subfield>
    <subfield code="p">FD9243</subfield>
    <subfield code="r">2026-04-13 00:00:00</subfield>
    <subfield code="s">2026-04-07</subfield>
    <subfield code="w">2023-06-28</subfield>
    <subfield code="y">BK</subfield>
    <subfield code="k">16974</subfield>
  </datafield>
  <datafield tag="999" ind1=" " ind2=" ">
    <subfield code="c">24884</subfield>
    <subfield code="d">24884</subfield>
  </datafield>
</record>
